000 02047nam a2200421 i 4500
001 193163
003 SpMaBN
005 20250825062646.0
007 ta
008 230915s2018 sp a | |||| 000 p spa
017 _aM 28784-2017
_bOficina Depósito Legal Madrid
020 _a9788494724169
035 _a(OCoLC)1117429325
035 _aa6369591
040 _aSpMaBN
_bspa
_cSpMaBN
_erda
_dES-MaACL
080 _a821.134.2-14"19"
080 _a75 Cabellut, Lita
100 _aSantiso, Javier,
_d1969-
_eaut
_9234222
245 1 0 _aAntes de que venga la noche /
_cJavier Santiso, Lita Cabellut.
250 _aSegunda edición: 2020
264 1 _aBaecelona :
_bLa Cama Sol,
_c2020
300 _a117 páginas :
_bilustraciones (color) ;
_c24 cm
336 _aTexto
_aImagen fija
_2rdacontent
337 _asin mediación
_2rdamedia
338 _avolumen
_2rdacarrier
500 _aEjemplar intonso. Copia 221 de 500 ejemplares.
520 _aEste libro es poesía molecular, como lo describe el director de orquesta y compositor Ramón Torrelledó en el prólogo. Lleno de ritmo y de emulsiones, gira en torno a la reconocida pintora Lita Cabellut, asentada en Holanda y nacida en España. Habla de la presencia de los rostros de su obra, de los rastros que quedan al pintarlos, y de los restos que dejamos de nuestra presencia cuando llega la noche, con ecos de los grandes maestros que le han inspirado: Rubens, Rembrandt, Goya, Bacon o Tàpies.
600 1 _aCabellut, Lita,
_9234223
_d1961-
655 7 _aLibros ilustrados
_2tgfbne
_9193653
655 7 _aPoesías
_2tgfbne
_9176539
700 1 _aCabellut, Lita,
_9234223
_eill
_d1961-
852 _aES-MaACL
_bR.154618
_9200521
_jN-9378
_cDEPOJ
_hDonación: Javier Santiso
_g221/500
_xEncuadernación rústica con solapas
_zEjemplar intonso
903 _aSantiso, Javier,
_d1969-
_ednr
_9234222
942 _n0
_cMONOGRAFIA
999 _c193163
_d193163